|
|
|
|
| LEADER |
00000nam a2200000Ii 4500 |
| 001 |
DIGEPUJ0278 |
| 003 |
NyNyDIG |
| 006 |
m o d |
| 007 |
cr ||||||||||| |
| 008 |
211014s2018 ck ob 000 0 spa d |
| 035 |
|
|
|a (OCoLC)1282640393
|
| 040 |
|
|
|a DGITA
|b eng
|e rda
|e pn
|c DGITA
|
| 020 |
|
|
|z 9789587812244
|
| 050 |
1 |
4 |
|a B841.4 ebook
|
| 082 |
0 |
4 |
|a 149.97
|
| 100 |
1 |
|
|a Martín B., Jesús
|q (Martín Barbero),
|e author.
|
| 245 |
1 |
3 |
|a La palabra y la acción :
|b por una dialéctica de la liberación /
|c Jesús Martín-Barbero.
|
| 250 |
|
|
|a Primera edición.
|
| 264 |
|
1 |
|a Bogotá D.C. :
|b Editorial Pontificia Universidad Javeriana,
|c [2018]
|
| 300 |
|
|
|a 1 online resource.
|
| 336 |
|
|
|a text
|b txt
|2 rdacontent
|
| 337 |
|
|
|a computer
|b c
|2 rdamedia
|
| 338 |
|
|
|a online resource
|b cr
|2 rdacarrier
|
| 347 |
|
|
|a text file
|2 rdaft
|
| 347 |
|
|
|b EPUB
|
| 504 |
|
|
|a Includes bibliographical references.
|
| 588 |
0 |
|
|a Online resource; title from ePub title page (Digitalia, viewed October 14, 2021)
|
| 650 |
|
0 |
|a Structuralism.
|
| 650 |
|
0 |
|a Liberation theology.
|
| 650 |
|
0 |
|a Dialectic.
|
| 655 |
|
0 |
|a Electronic books.
|
| 791 |
2 |
|
|a Digitalia (Firm),
|e distributor.
|
| 793 |
0 |
|
|g Digitalia eBook Collection:
|a Pontificia Universidad Javeriana
|
| 776 |
0 |
8 |
|i Print version:
|a Martín B., Jesús (Martín Barbero).
|t Palabra y la acción.
|b Primera edición.
|d Bogotá D.C. : Editorial Pontificia Universidad Javeriana, [2018]
|z 9789587812244
|
| 856 |
4 |
0 |
|3 Digitalia Hispánica
|u https://www.digitaliapublishing.com/a/68136/
|
| 910 |
|
|
|a Premium collection: 2021
|